| 000 | 02024nam0a2200397 4500 | ||
|---|---|---|---|
| 001 | RU\NLR\BIBL_A\022384414 | ||
| 005 | 20260607060201.0 | ||
| 010 |
_a978-5-17-164496-3 _92000 |
||
| 021 |
_aRU _bКН-П-24-061356 _9КН-П-24-6095 |
||
| 035 | _a(NLR Aleph) 022384414 | ||
| 090 |
_a13670266 _c13670266 |
||
| 100 | _a20241119d2024 d y0rusy50 ca | ||
| 101 | 0 | _arus | |
| 102 | _aRU | ||
| 105 | _aa|||z|||000ay | ||
| 181 | 0 |
_ai2 _baxxe |
|
| 181 | 0 |
_ab2 _bxb2e |
|
| 182 | 0 | _an | |
| 200 | 1 |
_aСказка о царе Салтане, о сыне его славном и могучем богатыре князе Гвидоне Салтановиче и о прекрасной царевне Лебеди _e[для среднего школьного возраста] _fА. С. Пушкин _gхудожник: Геннадий Спирин |
|
| 203 |
_aТекст _aИзображение _bвизуальные _cнепосредственные |
||
| 210 |
_aМосква _cАСТ _d2024 |
||
| 215 |
_a31 с. _cцв. ил. _d29 |
||
| 225 | 1 | _aШедевры отечественной иллюстрации (новое оформление) | |
| 300 | _aНад вып. дан. загл.: Сказка о царе Салтане с иллюстрациями Геннадия Спирина | ||
| 333 | _a12+ | ||
| 517 | 1 | _aСказка о царе Салтане с иллюстрациями Геннадия Спирина | |
| 600 | 1 |
_aСпирин _bГ.К. _f1948 _gГеннадий Константинович _92605976 _3RU\NLR\AUTH\661542534 |
|
| 686 | 0 | _aШ9(2)62=Р5-5 | |
| 686 | 1 | _aЩ153(2Р=Рус)7-8Спирин | |
| 700 | 1 |
_7ca _8rus _aПушкин _bА. С. _cпоэт _f1799-1837 _gАлександр Сергеевич _9110441 _3RU\NLR\AUTH\77386 |
|
| 702 | 1 |
_4440 _aСпирин _bГ. К. _f1948- _gГеннадий Константинович _3RU\NLR\AUTH\7794132 _977058 |
|
| 942 | _cBOOK | ||
| 980 | _aNB | ||